Statistiques concernant Prénoms d'acteurs et actrices français

Cliquez ici pour prendre le quiz!

Statistiques générales

  • Ce quiz a été pris 27 644 fois
  • Le résultat moyen est 22 sur 30

Statistiques - réponses

NomPrénom% Correct
De FunèsLouis
99%
DepardieuGérard
98%
DelonAlain
96%
BoonDany
96%
RenoJean
95%
CotillardMarion
94%
DuboscFranck
93%
BardotBrigitte
91%
ClavierChristian
91%
SyOmar
91%
MarceauSophie
87%
DeneuveCatherine
85%
CasselVincent
84%
CanetGuillaume
80%
BelmondoJean-Paul
79%
BalaskoJosiane
77%
CluzetFrançois
75%
AuteuilDaniel
73%
MontandYves
70%
AdjaniIsabelle
67%
SeydouxLéa
67%
TautouAudrey
62%
RichardPierre
60%
BinocheJuliette
49%
BayeNathalie
48%
SignoretSimone
47%
CastaLaetitia
46%
GirardotAnnie
45%
BéartEmmanuelle
42%
MoreauJeanne
41%

Distribution des résultats

Percentile par nombre de réponses

% des personnes avec chaque résultat

Votre développement - résultats

Vous n’avez pas pris ce quiz